Guess the Hamilton character! - Statistics

General Stats
  • This quiz has been taken 461 times
  • The average score is 5 of 5
Answer Stats
Question Answer % Correct
Burr my first friend, my enemy. Alexander
98%
Raise a glass to freedom. The Hamilton squad
95%
I’m taking this horse by the reigns, making redcoats redder with bloodstains! Laffayette
94%
History has its eyes on you. Washington
91%
You punched the bursar? Aaron
88%
No matching quizzes found
Score Distribution
Percent of People with Each Score
Percentile by Number Answered
Your Score History
You have not taken this quiz